[Event "DEN-ch"]
[Site "Silkeborg"]
[Date "2009.04.06"]
[Round "3"]
[White "Aabling Thomsen, Jakob"]
[Black "Nielsen, Lasse Simoni"]
[Result "1-0"]
[WhiteElo "2309"]
[BlackElo "1973"]
[PlyCount "69"]
[EventDate "2009.04.04"]
[EventType "swiss"]
[EventRounds "9"]
[EventCountry "DEN"]
[Source "ChessBase"]
[SourceDate "2009.05.05"]

1. e4 c5 2. Nf3 e6 3. Nc3 Nc6 4. d4 cxd4 5. Nxd4 Qc7 6. Be3 a6 7. Bd3 Nf6 8.
O-O Be7 9. Nxc6 bxc6 10. f4 d6 11. Qf3 O-O 12. e5 Nd5 13. exd6 Bxd6 14. Ne4 Be7
15. Bd4 f5 16. Qg3 Bf6 17. Nxf6+ Nxf6 18. b4 a5 19. a3 Ba6 20. Qe3 Qd7 21. Bxa6
Rxa6 22. Rad1 Qc8 23. Qe5 Rf7 24. bxa5 Nd5 25. c4 Nf6 26. Rfe1 Ne4 27. Bb6 Rf8
28. Rd3 c5 29. Red1 Qc6 30. Rd7 Nf6 31. R7d6 Qa4 32. Qxc5 Ne4 33. Qb4 Qc2 34.
Rd8 Ra8 35. Qxf8# 1-0

[Event "DEN-ch"]
[Site "Silkeborg"]
[Date "2009.04.09"]
[Round "6"]
[White "Aabling Thomsen, Jakob"]
[Black "Rewitz, Poul"]
[Result "1-0"]
[WhiteElo "2309"]
[BlackElo "2263"]
[PlyCount "113"]
[EventDate "2009.04.04"]
[EventType "swiss"]
[EventRounds "9"]
[EventCountry "DEN"]
[Source "ChessBase"]
[SourceDate "2009.05.05"]

1. e4 c6 2. d4 d5 3. Nc3 dxe4 4. Nxe4 Bf5 5. Ng3 Bg6 6. h4 h6 7. Nf3 Nd7 8. h5
Bh7 9. Bd3 Bxd3 10. Qxd3 e6 11. Bf4 Qa5+ 12. Bd2 Qc7 13. c4 Ngf6 14. Bc3 O-O-O
15. O-O-O Kb8 16. Kb1 Ka8 17. Qe2 Be7 18. Rd3 Rb8 19. Qd2 b5 20. Ba5 Qb7 21.
Rb3 Qa6 22. c5 Nd5 23. Ra3 Qc8 24. b4 Qg8 25. Kb2 g6 26. hxg6 Qxg6 27. Rh5 Kb7
28. Rxd5 exd5 29. Qf4 Rbc8 30. Nf5 Rhe8 31. Re3 Qf6 32. g3 Ka6 33. Nxe7 Qxf4
34. gxf4 Ra8 35. Nxc6 Rxe3 36. fxe3 Re8 37. Nce5 Nxe5 38. dxe5 Rg8 39. Nh4 h5
40. Kc3 Rg1 41. Bd8 Rc1+ 42. Kb2 Rc4 43. a3 d4 44. exd4 Rxd4 45. Bg5 Rd2+ 46.
Kc3 Ra2 47. Kb3 Re2 48. Nf5 Rf2 49. Nd6 Rf3+ 50. Kb2 h4 51. Bxh4 Rxf4 52. Bd8
Rf2+ 53. Kc3 Rf3+ 54. Kd4 f6 55. a4 fxe5+ 56. Kxe5 bxa4 57. b5# 1-0

[Event "DEN-ch"]
[Site "Silkeborg"]
[Date "2009.04.11"]
[Round "8"]
[White "Aabling Thomsen, Jakob"]
[Black "Matthiesen, Arne"]
[Result "0-1"]
[WhiteElo "2309"]
[BlackElo "2349"]
[PlyCount "92"]
[EventDate "2009.04.04"]
[EventType "swiss"]
[EventRounds "9"]
[EventCountry "DEN"]
[Source "ChessBase"]
[SourceDate "2009.05.05"]

1. e4 e6 2. d4 d5 3. Nc3 Nf6 4. Bg5 Be7 5. e5 Nfd7 6. h4 O-O 7. Bd3 c5 8. Nh3
g6 9. f4 cxd4 10. Ne2 f6 11. exf6 Nxf6 12. Nxd4 Qb6 13. Nf3 Qxb2 14. O-O Nc6
15. Qe2 Qb6+ 16. Kh1 Nd4 17. Nxd4 Qxd4 18. Rad1 Nh5 19. Qxh5 gxh5 20. Bxe7 Qg7
21. Bxf8 Qxf8 22. Rde1 Qf6 23. Re5 h6 24. Rf3 Qxh4 25. f5 exf5 26. Re8+ Kf7 27.
Rh8 Qf6 28. Rh7+ Kg8 29. Rc7 Qe5 30. Rc5 b6 31. Rc6 Be6 32. Nf4 Qe1+ 33. Rf1
Qh4+ 34. Kg1 Bf7 35. Ng6 Qd4+ 36. Kh1 Re8 37. Bxf5 Qd2 38. Rf3 Re3 39. Rc8+ Kg7
40. Rxe3 Qxe3 41. Rc7 Kf6 42. Bd3 h4 43. Rc6+ Kg7 44. a4 Qe1+ 45. Kh2 Qg3+ 46.
Kh1 h3 0-1

[Event "DEN-ch"]
[Site "Silkeborg"]
[Date "2009.04.04"]
[Round "1"]
[White "Aabling Thomsen, Jakob"]
[Black "Eriksson, Christian Altenburg"]
[Result "1-0"]
[WhiteElo "2309"]
[BlackElo "2122"]
[PlyCount "51"]
[EventDate "2009.04.04"]
[EventType "swiss"]
[EventRounds "9"]
[EventCountry "DEN"]
[Source "ChessBase"]
[SourceDate "2009.05.05"]

1. e4 c5 2. Nf3 Nc6 3. d4 cxd4 4. Nxd4 Nf6 5. Nc3 e5 6. Ndb5 d6 7. Bg5 a6 8.
Na3 b5 9. Bxf6 gxf6 10. Nd5 f5 11. Bxb5 axb5 12. Nxb5 Ra4 13. b4 Rxb4 14. Nbc7+
Kd7 15. O-O Rxe4 16. Qh5 Nd4 17. Rab1 Qh4 18. Qxf7+ Be7 19. g3 Qg5 20. Na8 Ba6
21. c4 f4 22. Nab6+ Kd8 23. Na4 fxg3 24. Rb8+ Kd7 25. Nab6+ Kc6 26. Nb4+ 1-0

[Event "DEN-ch"]
[Site "Silkeborg"]
[Date "2009.04.11"]
[Round "8"]
[White "Akdag, Dara"]
[Black "Boje, Tobias Rosholm"]
[Result "1-0"]
[WhiteElo "2199"]
[BlackElo "2018"]
[PlyCount "73"]
[EventDate "2009.04.04"]
[EventType "swiss"]
[EventRounds "9"]
[EventCountry "DEN"]
[Source "ChessBase"]
[SourceDate "2009.05.05"]

1. d4 Nf6 2. c4 e6 3. Nf3 d5 4. Nc3 Be7 5. cxd5 exd5 6. Bf4 c6 7. Qc2 O-O 8. e3
Nbd7 9. Bd3 Re8 10. h3 Nf8 11. O-O Ng6 12. Bh2 Bd6 13. Rae1 Bxh2+ 14. Nxh2 Qd6
15. f4 b6 16. Nf3 Bb7 17. Ne5 c5 18. Qf2 Ne4 19. Nxe4 dxe4 20. Bc4 Bd5 21. dxc5
Qxc5 22. b4 Qd6 23. Rd1 Ne7 24. Rxd5 Nxd5 25. Rd1 Qxb4 26. Bxd5 Red8 27. Bxf7+
Kf8 28. Rf1 Rd2 29. Qg3 Rc8 30. Bb3 Qb5 31. Re1 a5 32. Qg4 Rc7 33. Qf5+ Ke8 34.
Qxe4 Qb4 35. Nc4+ Re7 36. Qc6+ Rdd7 37. Rd1 1-0

[Event "DEN-ch"]
[Site "Silkeborg"]
[Date "2009.04.06"]
[Round "3"]
[White "Akdag, Dara"]
[Black "Christensen, Stefan"]
[Result "0-1"]
[WhiteElo "2199"]
[BlackElo "2313"]
[PlyCount "108"]
[EventDate "2009.04.04"]
[EventType "swiss"]
[EventRounds "9"]
[EventCountry "DEN"]
[Source "ChessBase"]
[SourceDate "2009.05.05"]

1. d4 Nf6 2. c4 e6 3. Nf3 b6 4. g3 Bb7 5. Bg2 Be7 6. O-O O-O 7. b3 d5 8. Ba3
dxc4 9. bxc4 Nbd7 10. Bb2 c5 11. e3 Qc7 12. Nbd2 Rfd8 13. Rc1 Rac8 14. Rc2 Ne4
15. Qa1 Bf6 16. Rd1 Nxd2 17. Rdxd2 Be4 18. Rc1 Qb7 19. Ne1 Bxg2 20. Nxg2 cxd4
21. exd4 Nc5 22. dxc5 Rxd2 23. Bxf6 gxf6 24. Qxf6 Rxc5 25. Ne3 Qe4 26. Rf1 Ra5
27. h3 h5 28. Nd5 Raxd5 29. cxd5 Qxd5 30. Qf4 Rxa2 31. Kh2 b5 32. Rc1 Qf5 33.
Qxf5 exf5 34. Kg2 a5 35. Rc8+ Kg7 36. Rb8 b4 37. Kf3 Ra3+ 38. Ke2 b3 39. Kd3 a4
40. Kc3 Ra2 41. f3 Rf2 42. Kb4 Rxf3 43. Kxa4 Rxg3 44. h4 Re3 45. Ka3 Kf6 46.
Rh8 f4 47. Rh6+ Kf5 48. Rxh5+ Kg4 49. Rh7 f3 50. Rxf7 Kxh4 51. Kb2 Kg3 52. Kc1
Re1+ 53. Kb2 f2 54. Rg7+ Kh4 0-1

[Event "DEN-ch"]
[Site "Silkeborg"]
[Date "2009.04.09"]
[Round "6"]
[White "Akdag, Dara"]
[Black "Matthiesen, Martin"]
[Result "0-1"]
[WhiteElo "2199"]
[BlackElo "2291"]
[PlyCount "68"]
[EventDate "2009.04.04"]
[EventType "swiss"]
[EventRounds "9"]
[EventCountry "DEN"]
[Source "ChessBase"]
[SourceDate "2009.05.05"]

1. d4 Nf6 2. c4 e6 3. Nf3 b6 4. g3 Bb7 5. Bg2 Be7 6. O-O O-O 7. Nc3 Ne4 8. Qc2
Nxc3 9. Qxc3 c5 10. Rd1 d6 11. Qd3 Nd7 12. e4 cxd4 13. Nxd4 a6 14. Qe2 Qc7 15.
f4 Rac8 16. b3 Rfe8 17. Be3 Bf8 18. Bf3 Nc5 19. Qg2 e5 20. fxe5 dxe5 21. Ne2
Ne6 22. Nc3 Bc5 23. Qf2 Bxe3 24. Qxe3 Nd4 25. Rac1 Qc5 26. Kg2 Nxb3 27. Qxc5
Nxc5 28. Rd6 Re6 29. Rcd1 Kf8 30. Bg4 Rxd6 31. Rxd6 Nxe4 32. Rxb6 Nxc3+ 33.
Rxb7 Rxc4 34. Kh3 g6 0-1

[Event "DEN-ch"]
[Site "Silkeborg"]
[Date "2009.04.04"]
[Round "1"]
[White "Akdag, Dara"]
[Black "Antonsen, Mikkel"]
[Result "0-1"]
[WhiteElo "2199"]
[BlackElo "2450"]
[PlyCount "48"]
[EventDate "2009.04.04"]
[EventType "swiss"]
[EventRounds "9"]
[EventCountry "DEN"]
[Source "ChessBase"]
[SourceDate "2009.05.05"]

1. d4 Nf6 2. c4 g6 3. Nc3 d5 4. cxd5 Nxd5 5. Bd2 Bg7 6. e4 Nb6 7. Be3 O-O 8.
Bb5 Qd6 9. Nf3 Bg4 10. e5 Qb4 11. Qc2 Nd5 12. a3 Qa5 13. Qd2 Bxf3 14. gxf3 Nxc3
15. Be2 f6 16. exf6 Bxf6 17. bxc3 c5 18. h4 cxd4 19. Bc4+ Kh8 20. Bxd4 Nc6 21.
h5 g5 22. Rb1 Qxa3 23. Rxb7 Nxd4 24. cxd4 Qxf3 0-1

[Event "DEN-ch"]
[Site "Silkeborg"]
[Date "2009.04.07"]
[Round "4"]
[White "Andersen, Mads"]
[Black "Christensen, Bo Garner"]
[Result "1-0"]
[WhiteElo "2244"]
[BlackElo "2240"]
[PlyCount "103"]
[EventDate "2009.04.04"]
[EventType "swiss"]
[EventRounds "9"]
[EventCountry "DEN"]
[Source "ChessBase"]
[SourceDate "2009.05.05"]

1. e4 c5 2. Nf3 e6 3. Nc3 a6 4. d4 cxd4 5. Nxd4 Qc7 6. Bd3 Nf6 7. O-O b5 8. Qe2
h5 9. h3 Bc5 10. Nb3 Bb6 11. e5 Nd5 12. Nxd5 exd5 13. Bf4 Bb7 14. Qf3 Qc6 15.
Qg3 g6 16. e6 h4 17. Qh2 O-O 18. e7 Re8 19. Bd6 a5 20. c3 d4 21. cxd4 Qd5 22.
Rfe1 Nc6 23. Be4 Qg5 24. Bxc6 Bxc6 25. Nc5 Qd5 26. Rad1 Qxa2 27. Qe5 Bxc5 28.
dxc5 Qe6 29. Qf4 Qf5 30. Qxh4 f6 31. Rd4 g5 32. Qg3 Kf7 33. Qb3+ Kg7 34. Rd3 a4
35. Qc3 b4 36. Qd2 a3 37. bxa3 bxa3 38. Rg3 a2 39. Qb2 Kf7 40. Ra1 Bd5 41. Kh2
Ra7 42. Qd2 Be6 43. Rf3 Qd5 44. Qc3 f5 45. Qb4 Rb7 46. Qg4 Kg6 47. Qg3 Rb1 48.
Bf4 Kf7 49. Qxg5 Rh8 50. Rg3 Ke8 51. Qg6+ Bf7 52. Qf6 1-0

[Event "DEN-ch"]
[Site "Silkeborg"]
[Date "2009.04.12"]
[Round "9"]
[White "Andersen, Mads"]
[Black "Rendboe, John Filip"]
[Result "1-0"]
[WhiteElo "2244"]
[BlackElo "2199"]
[PlyCount "57"]
[EventDate "2009.04.04"]
[EventType "swiss"]
[EventRounds "9"]
[EventCountry "DEN"]
[Source "ChessBase"]
[SourceDate "2009.05.05"]

1. e4 c5 2. Nf3 Nc6 3. d4 cxd4 4. Nxd4 Qb6 5. Nb3 Nf6 6. Nc3 e6 7. Qe2 d6 8. g4
h6 9. Be3 Qc7 10. Bg2 Be7 11. O-O-O a6 12. h4 b5 13. g5 Nd7 14. f4 b4 15. Na4
Na5 16. Nxa5 Qxa5 17. b3 Bb7 18. Kb1 Bc6 19. Nb2 Qc7 20. Qc4 Qb7 21. g6 fxg6
22. Qxe6 Nf8 23. Qc4 a5 24. Qd3 Ne6 25. Rhg1 O-O 26. Qc4 Rf6 27. e5 d5 28. Rxd5
Rf7 29. Rd7 1-0

[Event "DEN-ch"]
[Site "Silkeborg"]
[Date "2009.04.10"]
[Round "7"]
[White "Andersen, Mads"]
[Black "Rasmussen, Allan Stig"]
[Result "0-1"]
[WhiteElo "2244"]
[BlackElo "2501"]
[PlyCount "138"]
[EventDate "2009.04.04"]
[EventType "swiss"]
[EventRounds "9"]
[EventCountry "DEN"]
[Source "ChessBase"]
[SourceDate "2009.05.05"]

1. e4 e5 2. Nf3 Nc6 3. Bc4 Nf6 4. d3 Be7 5. O-O d6 6. c3 O-O 7. Re1 Na5 8. Bb5
a6 9. Ba4 b5 10. Bc2 c5 11. Nbd2 Re8 12. Nf1 Bb7 13. Ng3 g6 14. h3 Bf8 15. Nh2
d5 16. Qf3 Bg7 17. Ng4 Nxg4 18. Qxg4 d4 19. cxd4 Qxd4 20. Ne2 Qd6 21. Be3 Red8
22. Red1 Bc8 23. Qh4 Be6 24. a3 Rac8 25. Rac1 Nc6 26. Bb1 Nd4 27. Nxd4 exd4 28.
Bg5 Re8 29. f4 f5 30. e5 Qd7 31. Qf2 b4 32. axb4 cxb4 33. Qd2 b3 34. Bh4 Bf8
35. Bf2 Qa4 36. Kh2 Bb4 37. Qe2 Qd7 38. Rg1 a5 39. Rxc8 Rxc8 40. g4 Be7 41. g5
Kf7 42. Rd1 Qd5 43. Be1 Bd8 44. Qg2 Qd7 45. Bf2 Bb6 46. Qg1 Qd5 47. Qg2 Ke7 48.
Be1 Qd7 49. Qg1 Bd5 50. Bd2 Bb7 51. Qf2 Ke6 52. Rg1 Qd5 53. Qe1 a4 54. Rg3 Bc5
55. h4 a3 56. bxa3 Bxa3 57. Rg1 Bb2 58. Qf2 Qf3 59. Qxf3 Bxf3 60. Kg3 Bb7 61.
Rf1 Bc3 62. Rd1 Bd5 63. Kf2 Bxd2 64. Rxd2 Rc1 65. Rb2 Kd7 66. Ke2 Rh1 67. Kd2
Rxh4 68. Kc1 Rh1+ 69. Kd2 Kc6 0-1

[Event "DEN-ch"]
[Site "Silkeborg"]
[Date "2009.04.05"]
[Round "2"]
[White "Andersen, Mads"]
[Black "Rasmussen, Karsten"]
[Result "1/2-1/2"]
[WhiteElo "2244"]
[BlackElo "2447"]
[PlyCount "85"]
[EventDate "2009.04.04"]
[EventType "swiss"]
[EventRounds "9"]
[EventCountry "DEN"]
[Source "ChessBase"]
[SourceDate "2009.05.05"]

1. e4 c6 2. d4 d5 3. Nd2 dxe4 4. Nxe4 Bf5 5. Ng3 Bg6 6. h4 h6 7. Nf3 Nd7 8. h5
Bh7 9. Bd3 Bxd3 10. Qxd3 e6 11. Bd2 Ngf6 12. O-O-O Be7 13. Ne4 Nxe4 14. Qxe4
O-O 15. g4 Nf6 16. Qe2 Qd5 17. c4 Qe4 18. Rde1 Qxe2 19. Rxe2 Nxg4 20. Rg1 f5
21. Rxe6 Bf6 22. Re2 Rad8 23. Bc3 c5 24. d5 Bxc3 25. bxc3 Rfe8 26. Rxe8+ Rxe8
27. Nh4 Nf6 28. Nxf5 Nxh5 29. Nxh6+ Kf8 30. Nf5 Re2 31. Rh1 g6 32. Ng3 Rxa2 33.
Kb1 Rxf2 34. Nxh5 gxh5 35. Rxh5 Rf7 36. Kc2 Ke7 37. Kb3 Kd7 38. Ka4 a6 39. Rh6
Rf4 40. Rh7+ Kd6 41. Kb3 Rf1 42. Kc2 Rf2+ 43. Kb3 1/2-1/2

[Event "DEN-ch"]
[Site "Silkeborg"]
[Date "2009.04.06"]
[Round "3"]
[White "Andersen, Rune"]
[Black "Seegert, Kristian"]
[Result "1-0"]
[WhiteElo "2156"]
[BlackElo "2098"]
[PlyCount "81"]
[EventDate "2009.04.04"]
[EventType "swiss"]
[EventRounds "9"]
[EventCountry "DEN"]
[Source "ChessBase"]
[SourceDate "2009.05.05"]

1. d4 Nf6 2. c4 c5 3. d5 b5 4. cxb5 a6 5. f3 axb5 6. e4 Qa5+ 7. Bd2 b4 8. Na3
d6 9. Nc4 Qc7 10. a4 bxa3 11. Rxa3 Rxa3 12. bxa3 g6 13. Bd3 Bg7 14. Ne2 O-O 15.
O-O Nbd7 16. Qa4 Bb7 17. Ba5 Ra8 18. Rb1 Qc8 19. Qb3 Ba6 20. Bc3 Rb8 21. Qc2
Bxc4 22. Bxc4 Nb6 23. Bb5 Ne8 24. Bxg7 Kxg7 25. a4 Nc7 26. a5 Nxb5 27. Rxb5 Nd7
28. Qb2+ f6 29. Nf4 Kf7 30. Ne6 Ra8 31. h4 Ne5 32. Qc1 c4 33. Qh6 c3 34. Qxh7+
Ke8 35. Nd4 Kd7 36. h5 Nxf3+ 37. gxf3 Qc4 38. Rb7+ Kc8 39. Qxe7 Qxd4+ 40. Kg2
Qd2+ 41. Kh3 1-0

[Event "DEN-ch"]
[Site "Silkeborg"]
[Date "2009.04.10"]
[Round "7"]
[White "Andersen, Rune"]
[Black "Aabling Thomsen, Jakob"]
[Result "0-1"]
[WhiteElo "2156"]
[BlackElo "2309"]
[PlyCount "58"]
[EventDate "2009.04.04"]
[EventType "swiss"]
[EventRounds "9"]
[EventCountry "DEN"]
[Source "ChessBase"]
[SourceDate "2009.05.05"]

1. d4 Nf6 2. c4 e6 3. Nc3 Bb4 4. Bg5 h6 5. Bh4 c5 6. d5 Bxc3+ 7. bxc3 d6 8. f3
g5 9. Bg3 e5 10. Qc2 Qe7 11. e3 e4 12. O-O-O Bf5 13. f4 Nh5 14. Be2 gxf4 15.
exf4 Ng7 16. Re1 Kd8 17. h3 h5 18. Bh2 Kc7 19. g4 Qh4 20. Qd1 hxg4 21. hxg4 Qf2
22. gxf5 Rxh2 23. Rxh2 Qxh2 24. Bg4 Qxf4+ 25. Kb2 Nd7 26. Nh3 Qe5 27. Ng5 Nf6
28. Nxf7 Qf4 29. Rg1 Rf8 0-1

[Event "DEN-ch"]
[Site "Silkeborg"]
[Date "2009.04.04"]
[Round "1"]
[White "Andersen, Rune"]
[Black "Jacobsen, Bo"]
[Result "1/2-1/2"]
[WhiteElo "2156"]
[BlackElo "2325"]
[PlyCount "45"]
[EventDate "2009.04.04"]
[EventType "swiss"]
[EventRounds "9"]
[EventCountry "DEN"]
[Source "ChessBase"]
[SourceDate "2009.05.05"]

1. d4 Nf6 2. c4 g6 3. Nc3 Bg7 4. e4 O-O 5. Nge2 d6 6. Ng3 e5 7. d5 a5 8. Be2
Na6 9. h4 h5 10. Bg5 Qe8 11. Qd2 Bd7 12. Bh6 Bxh6 13. Qxh6 Qd8 14. O-O-O Nc5
15. Rh3 Ng4 16. Bxg4 Bxg4 17. f3 Bxh3 18. Nxh5 gxh5 19. gxh3 Nd3+ 20. Kb1 Nf4
21. Rg1+ Ng6 22. Rxg6+ fxg6 23. Qxg6+ 1/2-1/2

[Event "DEN-ch"]
[Site "Silkeborg"]
[Date "2009.04.05"]
[Round "2"]
[White "Antonsen, Mikkel"]
[Black "Carstensen, Jacob"]
[Result "0-1"]
[WhiteElo "2450"]
[BlackElo "2331"]
[PlyCount "78"]
[EventDate "2009.04.04"]
[EventType "swiss"]
[EventRounds "9"]
[EventCountry "DEN"]
[Source "ChessBase"]
[SourceDate "2009.05.05"]

1. d4 d5 2. c4 dxc4 3. e4 e5 4. Nf3 exd4 5. Bxc4 Nc6 6. O-O Be6 7. Bxe6 fxe6 8.
Qb3 Qd7 9. Qxb7 Rb8 10. Qa6 Nf6 11. Nbd2 Bd6 12. b3 O-O 13. Bb2 e5 14. Rac1 Rb6
15. Qe2 Kh8 16. Ne1 Nd8 17. Nd3 Rb8 18. f4 Nf7 19. f5 Rg8 20. Nc4 Qb5 21. Nf2
Bc5 22. Kh1 a5 23. Ng4 Bd6 24. Nxf6 gxf6 25. Rf3 Ng5 26. Rd3 Qb7 27. Re1 Bb4
28. Nd2 a4 29. Bc1 Qc6 30. bxa4 Qxa4 31. a3 Bc3 32. Rg3 c5 33. Rf1 Bxd2 34.
Bxd2 Qb5 35. Bxg5 Rxg5 36. Qd1 Rxg3 37. hxg3 c4 38. Qh5 c3 39. Rg1 d3 0-1

[Event "DEN-ch"]
[Site "Silkeborg"]
[Date "2009.04.07"]
[Round "4"]
[White "Antonsen, Mikkel"]
[Black "Teplyi, Igor"]
[Result "1/2-1/2"]
[WhiteElo "2450"]
[BlackElo "2287"]
[PlyCount "49"]
[EventDate "2009.04.04"]
[EventType "swiss"]
[EventRounds "9"]
[EventCountry "DEN"]
[Source "ChessBase"]
[SourceDate "2009.05.05"]

1. d4 Nf6 2. c4 g6 3. Nc3 d5 4. cxd5 Nxd5 5. e4 Nxc3 6. bxc3 Bg7 7. Bc4 c5 8.
Ne2 Nc6 9. Be3 O-O 10. O-O Na5 11. Bd3 b6 12. Qd2 e5 13. Bh6 cxd4 14. cxd4 exd4
15. Bxg7 Kxg7 16. f4 Bb7 17. f5 Nc6 18. f6+ Kh8 19. Rf4 Qd6 20. Raf1 Qb4 21.
Qc1 Qc5 22. Qd2 Qb4 23. Qc1 Qc5 24. Qd2 Qb4 25. Qc1 1/2-1/2

[Event "DEN-ch"]
[Site "Silkeborg"]
[Date "2009.04.10"]
[Round "7"]
[White "Antonsen, Mikkel"]
[Black "Ochsner, Bjorn Moller"]
[Result "1-0"]
[WhiteElo "2450"]
[BlackElo "2041"]
[PlyCount "90"]
[EventDate "2009.04.04"]
[EventType "swiss"]
[EventRounds "9"]
[EventCountry "DEN"]
[Source "ChessBase"]
[SourceDate "2009.05.05"]

1. d4 Nf6 2. c4 g6 3. Nc3 Bg7 4. e4 d6 5. f3 O-O 6. Nge2 c5 7. d5 e6 8. Ng3
exd5 9. cxd5 a6 10. a4 h5 11. Bg5 Qa5 12. Be2 Nbd7 13. O-O Nh7 14. Be3 Bxc3 15.
bxc3 Qxc3 16. Bf4 Qf6 17. Qc1 b6 18. Bd2 Qe7 19. Bc3 Re8 20. Re1 Nhf6 21. Bf1
Kh7 22. Nh1 Bb7 23. Nf2 c4 24. Rb1 Rec8 25. Qd2 Rab8 26. f4 Ba8 27. Qd4 b5 28.
axb5 axb5 29. Rb4 Kg7 30. g4 hxg4 31. Nxg4 Rc7 32. Ra1 Rcb7 33. Bg2 Re8 34. Ra6
Rbb8 35. Ra7 Rb7 36. Rxb7 Bxb7 37. Rxb5 Bc8 38. Ra5 Bb7 39. Ra7 Rb8 40. Bf1 Ne5
41. fxe5 Nxg4 42. exd6+ Qf6 43. Qxf6+ Nxf6 44. d7 Ba8 45. Ra6 Kg8 1-0

[Event "DEN-ch"]
[Site "Silkeborg"]
[Date "2009.04.10"]
[Round "7"]
[White "Boje, Tobias Rosholm"]
[Black "Nielsen, Lasse Simoni"]
[Result "1/2-1/2"]
[WhiteElo "2018"]
[BlackElo "1973"]
[PlyCount "74"]
[EventDate "2009.04.04"]
[EventType "swiss"]
[EventRounds "9"]
[EventCountry "DEN"]
[Source "ChessBase"]
[SourceDate "2009.05.05"]

1. e4 c5 2. Nc3 Nc6 3. g3 g6 4. Bg2 Bg7 5. d3 d6 6. Be3 Rb8 7. Qd2 b5 8. Nge2
Nd4 9. O-O e6 10. Nc1 b4 11. Nd1 Ne7 12. c3 bxc3 13. bxc3 Ndc6 14. Bh6 O-O 15.
Bxg7 Kxg7 16. Ne3 Qc7 17. Nb3 a5 18. Rab1 Ba6 19. Rfd1 a4 20. Na1 Rxb1 21. Rxb1
Qa5 22. Nac2 Rc8 23. Na3 Ne5 24. f4 Nd7 25. Nac4 Bxc4 26. Nxc4 Qa6 27. f5 d5
28. exd5 exd5 29. Ne3 Qd6 30. fxg6 hxg6 31. d4 f5 32. Rd1 Nf6 33. Qc2 f4 34.
gxf4 Qxf4 35. Qf2 Qxf2+ 36. Kxf2 cxd4 37. Rxd4 Rxc3 1/2-1/2

[Event "DEN-ch"]
[Site "Silkeborg"]
[Date "2009.04.06"]
[Round "3"]
[White "Boje, Tobias Rosholm"]
[Black "Pedersen, Martin Rosenkilde"]
[Result "1/2-1/2"]
[WhiteElo "2018"]
[BlackElo "2204"]
[PlyCount "56"]
[EventDate "2009.04.04"]
[EventType "swiss"]
[EventRounds "9"]
[EventCountry "DEN"]
[Source "ChessBase"]
[SourceDate "2009.05.05"]

1. e4 c5 2. Nc3 e6 3. g3 d5 4. d3 Nf6 5. Bg2 Be7 6. e5 Ng8 7. f4 h5 8. Nf3 Nc6
9. h3 Bd7 10. O-O Nh6 11. Ne2 Nf5 12. c3 Qb6 13. Qb3 Qa6 14. Qc2 Rc8 15. Bd2 g6
16. Kh2 Kf8 17. Rh1 Kg7 18. Kg1 b5 19. Kf2 d4 20. g4 hxg4 21. hxg4 Nh4 22. Kg3
Nxg2 23. Kxg2 Qb7 24. Ng3 c4 25. Ne4 dxc3 26. bxc3 cxd3 27. Qxd3 Na5 28. f5
exf5 1/2-1/2

[Event "DEN-ch"]
[Site "Silkeborg"]
[Date "2009.04.07"]
[Round "4"]
[White "Boje, Tobias Rosholm"]
[Black "Molvig, Henrik"]
[Result "1/2-1/2"]
[WhiteElo "2018"]
[BlackElo "2213"]
[PlyCount "58"]
[EventDate "2009.04.04"]
[EventType "swiss"]
[EventRounds "9"]
[EventCountry "DEN"]
[Source "ChessBase"]
[SourceDate "2009.05.05"]

1. e4 c5 2. Nc3 d6 3. g3 Nc6 4. Bg2 g6 5. d3 Bg7 6. Be3 Nd4 7. Qd2 e5 8. Nd5
Be6 9. c3 Bxd5 10. exd5 Nf5 11. Ne2 Nxe3 12. fxe3 Nf6 13. h3 O-O 14. O-O-O b5
15. g4 Rb8 16. Ng3 Qa5 17. Kb1 c4 18. g5 Nd7 19. Ne4 Rb6 20. h4 cxd3 21. Qxd3
b4 22. c4 Ra6 23. Qb3 Nc5 24. Nxc5 Qxc5 25. e4 Rc8 26. h5 Qa5 27. Rdf1 Qa4 28.
hxg6 hxg6 29. Qxa4 Rxa4 1/2-1/2

[Event "DEN-ch"]
[Site "Silkeborg"]
[Date "2009.04.12"]
[Round "9"]
[White "Boje, Tobias Rosholm"]
[Black "Nielsen, John Bauneborg"]
[Result "1/2-1/2"]
[WhiteElo "2018"]
[BlackElo "2197"]
[PlyCount "103"]
[EventDate "2009.04.04"]
[EventType "swiss"]
[EventRounds "9"]
[EventCountry "DEN"]
[Source "ChessBase"]
[SourceDate "2009.05.05"]

1. e4 c5 2. Nc3 Nc6 3. g3 g6 4. Bg2 Bg7 5. d3 e6 6. Be3 d6 7. Qd2 h5 8. Nge2
Nd4 9. Nd1 h4 10. h3 hxg3 11. fxg3 Ne7 12. c3 Nxe2 13. Qxe2 Nc6 14. Nf2 e5 15.
h4 Be6 16. Bh3 Qd7 17. Bxe6 Qxe6 18. Qg4 Qxg4 19. Nxg4 f5 20. Nh2 f4 21. Bf2
fxg3 22. Bxg3 O-O 23. Ke2 Bh6 24. Raf1 Rxf1 25. Rxf1 Rf8 26. Rxf8+ Kxf8 27. Bf2
Bf4 28. Ng4 Nd8 29. Nf6 Ne6 30. Nd5 Kg7 31. Kf3 Kh6 32. Bg3 Bxg3 33. Kxg3 g5
34. Ne7 gxh4+ 35. Kxh4 Nf4 36. Nf5+ Kg6 37. Nxd6 Nxd3 38. Nxb7 c4 39. b3 Nc1
40. Na5 Nxa2 41. Nxc4 Kf6 42. Kg4 Nxc3 43. Kf3 Nb5 44. Ke3 Nd4 45. Na5 Ke6 46.
Kd3 Kd6 47. Nc4+ Kc5 48. Nxe5 Nxb3 49. Kc3 Na5 50. Nd3+ Kd6 51. Kb4 Nc6+ 52.
Kb5 1/2-1/2

[Event "DEN-ch"]
[Site "Silkeborg"]
[Date "2009.04.10"]
[Round "7"]
[White "Carstensen, Jacob"]
[Black "Schandorff, Lars"]
[Result "0-1"]
[WhiteElo "2331"]
[BlackElo "2505"]
[PlyCount "82"]
[EventDate "2009.04.04"]
[EventType "swiss"]
[EventRounds "9"]
[EventCountry "DEN"]
[Source "ChessBase"]
[SourceDate "2009.05.05"]

1. d4 d5 2. c4 c6 3. Nf3 Nf6 4. e3 Bf5 5. Nc3 e6 6. Nh4 Bg6 7. Qb3 Qb6 8. c5
Qc7 9. Nxg6 hxg6 10. f4 Nbd7 11. Bd2 Nh5 12. Rg1 f5 13. g4 Nhf6 14. h3 b6 15.
g5 Ng8 16. cxb6 axb6 17. Rc1 Qb7 18. e4 Bd6 19. exd5 exd5 20. Bg2 Ne7 21. Kf2
b5 22. Rge1 Nb6 23. Nxb5 cxb5 24. Re6 Nc4 25. Rxc4 dxc4 26. Qe3 Qd7 27. Bxa8
Kf7 28. Rxd6 Qxd6 29. Bg2 Rd8 30. Bf3 Qxd4 31. Qxd4 Rxd4 32. Bc3 Rd7 33. a4 Nd5
34. axb5 Nxc3 35. bxc3 Rd3 36. b6 Rxc3 37. b7 Rb3 38. Bd5+ Ke7 39. Bxc4 Rxb7
40. Bg8 Rb8 41. Bc4 Rb4 0-1

[Event "DEN-ch"]
[Site "Silkeborg"]
[Date "2009.04.08"]
[Round "5"]
[White "Carstensen, Jacob"]
[Black "Jacobsen, Bo"]
[Result "1-0"]
[WhiteElo "2331"]
[BlackElo "2325"]
[PlyCount "83"]
[EventDate "2009.04.04"]
[EventType "swiss"]
[EventRounds "9"]
[EventCountry "DEN"]
[Source "ChessBase"]
[SourceDate "2009.05.05"]

1. e4 e5 2. Nf3 Nc6 3. Bb5 Nf6 4. O-O d6 5. d4 Bd7 6. Nc3 Be7 7. Bxc6 Bxc6 8.
Qd3 exd4 9. Nxd4 Bd7 10. h3 O-O 11. Re1 Re8 12. Be3 h6 13. Rad1 Bf8 14. Bf4 a6
15. Qf3 c5 16. Nb3 Re6 17. Re3 Qb6 18. Nd2 Bc6 19. Nc4 Qc7 20. Nd5 Qd8 21. Ncb6
Nxd5 22. Nxd5 Bxd5 23. Rxd5 Qa5 24. a3 Rae8 25. Re2 Qa4 26. Qd3 c4 27. Qd4 Qc6
28. c3 f5 29. f3 g5 30. Bg3 Bg7 31. Qd2 fxe4 32. Rxe4 Rxe4 33. fxe4 Be5 34.
Bxe5 Rxe5 35. Rxd6 Qxe4 36. Rxh6 Rd5 37. Qc1 Qe2 38. Kh2 Kg7 39. Rb6 Qe5+ 40.
Kh1 Qc7 41. Re6 Qg3 42. Qf1 1-0